Vista normal
Vista MARC
Entrada Nombre personal
Número de registros utilizados en: 1
001 - NÚMERO DE CONTROL
- Campo de control: 45766
003 - IDENTIFICADOR DE NÚMERO DE CONTROL
- Campo de control: OSt
005 - FECHA Y HORA DE LA ULTIMA MODIFICACION
- Campo de control: 20210914162248.0
008 - ELEMENTOS DE DATOS DE LONGITUD FIJA
- Campo de longitud fija: 210914|| aca||aabn | a|a d
040 ## - FUENTE DE LA CATALOGACIÓN
- Agencia original de catalogación: OSt
100 1# - ENCABEZAMIENTO--NOMBRE DE PERSONA
- Nombre personal: Mayén Santos, Cinthya Elizabeth
670 ## - FUENTE DE DATOS ENCONTRADOS
- Fuente de citación: Investigación, Retos, modelo y estrategias para la continuidad y viabilidad de las empresas familiares: dos casos de estudio en el Salvador.-
670 ## - FUENTE DE DATOS ENCONTRADOS
- Fuente de citación: BMC.- 14-09-2021